000 01119cam a22002054a 4500
005 20250605163935.0
008 250528s ||||||||||||||||||||||||d
035 _a14840
020 _a1857421140
040 _aGR-AtMCL
_bgre
_dGR-AtMCL
_eAACR2
245 1 _aSociological Paradigms and Organisational Analysis / Elements of the Sociology of Corporate Life
260 _bArena,
_c1994
300 _a436
520 _aThis book covers a great range of intellectual territory. Acknowledgements, Introduction, In Search of a Framework, Assumptions about the Nature of Social Science, Assumptions about the Nature of Society, Two Dimensions: Four Paradigms, The Paradigms Explored, Functionalist Sociology, Functionalist Organization Theory, Interpretive Sociology, The Interpretive Paradigm and the Study of Organizations, Radical Humanism, Anti-Organization Theory, Radical Structuralism, Radical Organization Theory, Conclusions, Future Directions: Theory and Research, Bibliography, Index.
700 1 _aBurrell Gibson
_9607
700 1 _aMorgan Gareth
_9608
942 _cBK
999 _c452
_d452